<?xml version="1.0" encoding="UTF-8"?>
<resp>
  <nextPage>https://data.bn.org.pl/api/networks/bibs.marcxml?marc=001+b1000000927204&amp;sinceId=1000000927205</nextPage>
  <collection>
    <record xmlns='http://www.loc.gov/MARC21/slim'><leader>02480nam a2200721 i 4500</leader><controlfield tag='001'>b1000000927204</controlfield><controlfield tag='005'>20260410130548.7</controlfield><controlfield tag='008'>210330s2004    pl a   a     |000 j pol c</controlfield><controlfield tag='009'>9911989643605606</controlfield><datafield ind1=' ' ind2=' ' tag='015'><subfield code='a'>UWD 2021/17300</subfield></datafield><datafield ind1=' ' ind2=' ' tag='020'><subfield code='a'>8371177186</subfield><subfield code='q'>(oprawa twarda)</subfield></datafield><datafield ind1=' ' ind2=' ' tag='035'><subfield code='a'>(PL)b1000000927204</subfield></datafield><datafield ind1=' ' ind2=' ' tag='040'><subfield code='a'>WA N</subfield><subfield code='c'>WA N</subfield><subfield code='d'>WA N</subfield></datafield><datafield ind1=' ' ind2=' ' tag='041'><subfield code='a'>pol</subfield><subfield code='h'>rus</subfield></datafield><datafield ind1=' ' ind2=' ' tag='046'><subfield code='k'>2004</subfield></datafield><datafield ind1=' ' ind2=' ' tag='080'><subfield code='a'>82-93</subfield></datafield><datafield ind1=' ' ind2=' ' tag='084'><subfield code='a'>09</subfield></datafield><datafield ind1='1' ind2=' ' tag='100'><subfield code='a'>Pylcyna, Jelena</subfield><subfield code='e'>Autor</subfield><subfield code='e'>Ilustracje</subfield></datafield><datafield ind1='1' ind2='0' tag='245'><subfield code='a'>Wiewióreczka /</subfield><subfield code='c'>[tekst i ilustracje:] Jelena Pylcyna ; [przełożył: Andrzej Gordziejewski].</subfield></datafield><datafield ind1=' ' ind2=' ' tag='260'><subfield code='a'>Zielona Góra :</subfield><subfield code='b'>Wydawnictwo Elżbieta Jarmołkiewicz,</subfield><subfield code='c'>© 2004.</subfield></datafield><datafield ind1=' ' ind2=' ' tag='300'><subfield code='a'>[10] stron :</subfield><subfield code='b'>ilustracje ;</subfield><subfield code='c'>16 cm.</subfield></datafield><datafield ind1=' ' ind2=' ' tag='336'><subfield code='a'>Tekst</subfield><subfield code='b'>txt</subfield><subfield code='2'>rdacontent</subfield></datafield><datafield ind1=' ' ind2=' ' tag='337'><subfield code='a'>Bez urządzenia pośredniczącego</subfield><subfield code='b'>n</subfield><subfield code='2'>rdamedia</subfield></datafield><datafield ind1=' ' ind2=' ' tag='338'><subfield code='a'>Wolumin</subfield><subfield code='b'>nc</subfield><subfield code='2'>rdacarrier</subfield></datafield><datafield ind1=' ' ind2=' ' tag='380'><subfield code='a'>Książki</subfield></datafield><datafield ind1=' ' ind2=' ' tag='380'><subfield code='a'>Proza</subfield></datafield><datafield ind1=' ' ind2=' ' tag='385'><subfield code='m'>Grupa wiekowa</subfield><subfield code='a'>Dzieci</subfield></datafield><datafield ind1=' ' ind2=' ' tag='385'><subfield code='m'>Grupa wiekowa</subfield><subfield code='a'>0-5 lat</subfield></datafield><datafield ind1=' ' ind2=' ' tag='386'><subfield code='m'>Przynależność kulturowa</subfield><subfield code='a'>Literatura rosyjska</subfield></datafield><datafield ind1='1' ind2=' ' tag='388'><subfield code='a'>2001-</subfield></datafield><datafield ind1=' ' ind2=' ' tag='546'><subfield code='a'>Tekst tłumaczony z języka rosyjskiego.</subfield></datafield><datafield ind1=' ' ind2='7' tag='650'><subfield code='a'>Przyjaźń</subfield><subfield code='2'>DBN</subfield></datafield><datafield ind1=' ' ind2='7' tag='650'><subfield code='a'>Wiewiórka</subfield><subfield code='2'>DBN</subfield></datafield><datafield ind1=' ' ind2='7' tag='655'><subfield code='a'>Broszura</subfield><subfield code='2'>DBN</subfield></datafield><datafield ind1=' ' ind2='7' tag='655'><subfield code='a'>Książki dla małych dzieci</subfield><subfield code='2'>DBN</subfield></datafield><datafield ind1=' ' ind2='7' tag='655'><subfield code='a'>Opowiadania i nowele</subfield><subfield code='2'>DBN</subfield></datafield><datafield ind1='1' ind2=' ' tag='700'><subfield code='a'>Gordziejewicz-Gordziejewski, Andrzej</subfield><subfield code='d'>(1947- )</subfield><subfield code='e'>Tłumaczenie</subfield></datafield><datafield ind1='2' ind2=' ' tag='710'><subfield code='a'>Wydawnictwo Elżbieta Jarmołkiewicz</subfield><subfield code='e'>Wydawca</subfield><subfield code='4'>pbl</subfield></datafield><datafield ind1=' ' ind2=' ' tag='852'><subfield code='8'>2223436480008004</subfield><subfield code='j'>1</subfield><subfield code='b'>SW1_4</subfield><subfield code='p'>28899</subfield><subfield code='c'>SW1_4_3</subfield></datafield><datafield ind1=' ' ind2=' ' tag='852'><subfield code='8'>22751474840008412</subfield><subfield code='j'>0</subfield><subfield code='b'>09</subfield><subfield code='p'>12405107</subfield><subfield code='c'>09UBYTKI</subfield></datafield><datafield ind1=' ' ind2=' ' tag='852'><subfield code='b'>48OMNIS_SW1</subfield><subfield code='8'>991656975424108004</subfield></datafield><datafield ind1=' ' ind2=' ' tag='852'><subfield code='b'>48OMNIS_NLOP</subfield><subfield code='8'>991052887206105066</subfield></datafield><datafield ind1=' ' ind2=' ' tag='852'><subfield code='8'>22687696170005066</subfield><subfield code='j'>1</subfield><subfield code='h'>3.156.497 A</subfield><subfield code='b'>BN_PL</subfield><subfield code='p'>30001029250521</subfield><subfield code='c'>bk1</subfield></datafield><datafield ind1=' ' ind2=' ' tag='852'><subfield code='b'>48OMNIS_NETWORK</subfield><subfield code='8'>9911989643605606</subfield></datafield><datafield ind1=' ' ind2=' ' tag='852'><subfield code='b'>48OMNIS_KBP</subfield><subfield code='8'>990006859320108412</subfield></datafield><datafield ind1=' ' ind2=' ' tag='920'><subfield code='a'>83-7117-718-6 (oprawa twarda)</subfield></datafield></record>
  </collection>
</resp>
